000 00827nam a2200241 a 4500
001 000011074
005 20200929162342.0
008 091014s2006 pr r 000 0 spa d
020 _a1932271627
040 _aDO-SdBNP
_bspa
_cBNPHU
082 _aPR861.5
_bR586a
100 1 _aRíos Cordero, Hugo,
_d1972-
_926575
245 1 0 _aAl otro lado de tus párpados /
_cHugo Ríos Cordero.
260 _aSan Juan, Puerto Rico
_aSanto Domingo :
_bIsla Negra,
_c2006.
300 _a75 p. ;
_c23 cm.
490 1 _aJosemilio González
500 _aIncluye datos biográficos del autor en la solapa de la cubierta.
590 _aInventariado, 2019/BT
650 4 _aPoesía puertorriqueña
_91015
650 4 _aLiteratura puertorriqueña
_9250
830 0 _aJosemilio González
_96541
910 _aValidado. Control de calidad. MMOLINA
999 _c10799
_d10799